| 000 | 00640nam a2200205 a 4500 | ||
|---|---|---|---|
| 005 | 20240815063652.0 | ||
| 008 | 991125s1978 bue 000 0 spa u | ||
| 035 | _aUPN01000058384 | ||
| 049 | _aCG | ||
| 050 | 4 |
_aBF717 _bL4.88 |
|
| 100 | 1 |
_aLeif, Joseph Jacques _928981 |
|
| 245 | 1 | 3 |
_aLa verdadera naturaleza del juego / _cJoseph Leif, Lucien Brunelle ; tr. Iris A. Ibáñez. |
| 260 |
_aBuenos Aires : _bKapelusz, _c1978. |
||
| 300 | _a126 p. | ||
| 440 | 0 |
_aBiblioteca de cultura pedagógica ; _v165 |
|
| 650 | 4 |
_aJuego, teoría del _96718 |
|
| 650 | 4 |
_aJuegos infantiles _96445 |
|
| 700 | 1 |
_aBrunelle, Lucien, _ecoaut. |
|
| 905 | _aLibro | ||
| 999 |
_c58384 _d58384 |
||